Kamus al-adib lengkap arab-jawi

Bibliographic Details
Main Author: Muhammad Firdaus,Dr. & Habsyi,Hussain
Format: Book
Published: Selangor : Crescent News (KL) Sdn Bhd , 2001
Subjects:

MARC

LEADER 00000cam a2200000 7i4500
001 0000065160
005 20160810.0
008 160810
020 |a 9830611825 
090 0 0 |a R413.1   |b MUH 
100 1 |a Muhammad Firdaus,Dr. & Habsyi,Hussain 
245 1 0 |a Kamus al-adib lengkap arab-jawi   |c Dr. Muhammad Firdaus & Hussain Al-Habsyi 
260 |a Selangor :   |b Crescent News (KL) Sdn Bhd ,   |c 2001 
300 |a 765pg. :   |b Col.ill 
650 0 |a Dictionary 
999 |a 0000922330   |b Book   |c Adult Collection   |e Cawangan Bukit Gambir 
999 |a 0000922331   |b Book   |c Adult Collection   |e Cawangan Bukit Gambir 
999 |a 0000922332   |b Book   |c Adult Collection   |e Cawangan Bukit Gambir 
999 |a 0000933077   |b Book   |c REFERENCE   |e Cawangan Tangkak 
999 |a 0000933078   |b Book   |c REFERENCE   |e Cawangan Tangkak